Mozart

Bibliographic Details
Main Author: Rachlin, Ann
Format: Book
Language:English
Published: Singapore : Eduction & Entertainment Workshop , 1996
Series:Famous Children
Subjects:

MARC

LEADER 00000cam a2200000 7i4500
001 0000030712
005 20120615.0
008 101122 eng
020 |a 888728091076K 
090 0 0 |a JF SER 
100 1 |a Rachlin, Ann 
245 1 0 |a Mozart   |c Ann Rachlun 
260 |a Singapore :   |b Eduction & Entertainment Workshop ,   |c 1996 
300 |a 22p :   |b Col.ill. ;   |c 21cm. 
440 0 |a Famous Children 
650 0 0 |a Junior Fiction, English 
999 |a 0000126671   |b Buku   |c Koleksi Pinjaman Kanak-Kanak   |e Perpustakaan Cawangan Masjid Tanah 
999 |a 0000208908   |b Buku   |c Koleksi Pinjaman Kanak-Kanak   |e PK Melaka Mall 
999 |a 0000338031   |b Buku   |c Koleksi Pinjaman Kanak-Kanak   |e Perbadanan Perpustakaan Awam Melaka 
999 |a 0000338032   |b Buku   |c Koleksi Pinjaman Kanak-Kanak   |e Perbadanan Perpustakaan Awam Melaka 
999 |a 10843   |b Buku   |c Koleksi Pinjaman Kanak-Kanak   |e Perpustakaan Cawangan Merlimau 
999 |a 10844   |b Buku   |c Koleksi Pinjaman Kanak-Kanak   |e Perpustakaan Cawangan Merlimau 
999 |a 12457   |b Buku   |c Koleksi Pinjaman Kanak-Kanak   |e Perbadanan Perpustakaan Awam Melaka 
999 |a 28399   |b Buku   |c Koleksi Pinjaman Kanak-Kanak   |e Perpustakaan Cawangan Masjid Tanah 
999 |a 38023   |b Buku   |c Koleksi Pinjaman Kanak-Kanak   |e Perpustakaan Cawangan Jasin 
999 |a 38024   |b Buku   |c Koleksi Pinjaman Kanak-Kanak   |e Perpustakaan Cawangan Jasin 
999 |a 43358   |b Buku   |c Koleksi Pinjaman Kanak-Kanak   |e Perbadanan Perpustakaan Awam Melaka